Liste der Staatsoberhäupter - Statistiken

Allgemein
  • Dieses Quiz wurde 4 mal gespielt
  • Das Durchschnittsergebnis liegt bei 1 aus 195
Antwortstatistiken
Land Antwort % Korrekt
Deutschland Frank-Walter Steinmeier
75%
Nordkorea Kim Jong-un
25%
Vatikanstadt Leo XIV.
25%
Ägypten Abd al-Fattah Said Husain Chalil as-Sisi
0%
Sudan Abdel Fattah Abdelrahman Burhan
0%
Algerien Abdelmadjid Tebboune
0%
Somaliland Abdirahman Mohamed Abdullahi
0%
Niger Abdourahamane Tiani
0%
Jordanien Abdullah II. bin al-Hussein
0%
Irak Abdul Latif Raschid
0%
Gambia Adama Barrow
0%
Syrien Ahmed al-Scharaa
0%
Südossetien Alan Gaglojew
0%
Elfenbeinküste Alassane Dramane Ouattara
0%
Monaco Albert Alexandre Louis Pierre Rainier Grimaldi
0%
Neuseeland Alcyion Cynthia (Cindy) Kiro
0%
Serbien Aleksandar Vučić
0%
Iran Ali Chamenei
0%
Belarus Aljaksandr Ryhorawitsch Lukaschenka
0%
Sri Lanka Anura Kumara Dissanayake
0%
Pakistan Asif Ali Zardari
0%
Mali Assimi Goïta
0%
Komoren Azali Assoumani
0%
Abchasien Badra Gunba
0%
Senegal Bassirou Diomaye Faye
0%
Nigeria Bola Ahmed Adekunle Tinubu
0%
Demokratische Arabische Republik Sahara Brahim Ghali
0%
Gabun Brice Clotaire Oligui Nguema
0%
Finnland Cai-Göran Alexander „Alex“ Stubb
0%
São Tomé und Príncipe Carlos Manuel Vila Nova
0%
Schweden Carl XVI. Gustaf
0%
Irland Catherine Martina Ann Connolly
0%
Grenada Cécile Ellen Fleurette La Grenade
0%
Guatemala César Bernardo Arévalo de León
0%
Trinidad und Tobago Christine Carla Kangaloo
0%
Mexiko Claudia Sheinbaum Pardo
0%
Bahamas Cynthia Alexandra "Mother" Pratt
0%
St. Lucia Cyril Errol Melchiades Charles
0%
Belize Dame Froyla Tzalam
0%
Mosambik Daniel Francisco Chapo
0%
Ecuador Daniel Roy Gilchrist Noboa Azín
0%
Nauru David Ranibok Waiau Adeang
0%
Salomonen David Tiva Kapu
0%
Republik Kongo Denis Sassou-Nguesso
0%
Mauritius Dharambeer Gokhool
0%
Vereinigte Staaten Donald John Trump
0%
Indien Draupadi Murmu
0%
Botswana Duma Gideon Boko
0%
Lettland Edgars Rinkēvičs
0%
Frankreich Emmanuel Jean-Michel Frédéric Macron
0%
Simbabwe Emmerson Dambudzo Mnangagwa
0%
Tadschikistan Emomalij Rahmon
0%
Burundi Évariste Ndayishimiye
0%
Zentralafrikanische Republik Faustin-Archange Touadéra
0%
Spanien Felipe VI.
0%
Demokratische Republik Kongo Félix Antoine Tshisekedi Tshilombo
0%
Philippinen Ferdinand Emmanuel „Bongbong“ Romualdez Marcos Jr.
0%
Dänemark Frederik X.
0%
Chile Gabriel Boric
0%
Litauen Gitanas Nausėda
0%
Nordmazedonien Gordana Siljanovska-Davkova
0%
Luxemburg Guillaume V.
0%
Kolumbien Gustavo Francisco Petro Urrego
0%
Schweiz Guy Parmelin
0%
Oman Haitham bin Tariq bin Taymur al-Sa'id
0%
Sambia Hakainde Hichilema
0%
Island Halla Tómasdóttir
0%
Norwegen Harald V. von Norwegen
0%
Brunei Hassanal Bolkiah
0%
Somalia Hassan Sheikh Mohamud
0%
Marshallinseln Hilda Cathy Heine
0%
Guinea-Bissau Horta Inta-A Na Man
0%
Malaysia Ibrahim Ibni Almarhum Sultan Iskandar
0%
Burkina Faso Ibrahim Traoré
0%
Aserbaidschan İlham Heydər oğlu Əliyev
0%
Bulgarien Ilijana Malinowa Jotowa
0%
Eritrea Isayas Afewerki
0%
Dschibuti Ismaïl Omar Guelleh
0%
Montenegro Jakov Milatović
0%
Argentinien Javier Gerardo Milei
0%
Togo Jean-Lucien Kwassi Lanyo Savi de Tové
0%
Barbados Jeffrey Davidson Bostic
0%
Suriname Jennifer Simons
0%
Bhutan Jigme Khesar Namgyel Wangchuck
0%
Israel Jitzchak „Bougie“ Herzog
0%
Angola João Manuel Gonçalves Lourenço
0%
Ghana John Dramani Mahama
0%
Nicaragua José Daniel Ortega Saavedra
0%
Peru José Enrique Jerí Oré
0%
Osttimor José Manuel Ramos-Horta
0%
Kap Verde José Maria Pereira Neves
0%
Liberia Joseph Boakai
0%
Libanon Joseph Khalil Aoun
0%
Andorra Josep-Lluís Serrano Pentinat
0%
Panama José Raúl Mulino Quintero
0%
Sierra Leone Julius Maada Wonie Bio
0%
Tunesien Kais Saied
0%
Polen Karol Tadeusz Nawrocki
0%
Griechenland Konstantinos Tasoulas
0%
Taiwan Lai Ching-te
0%
Haiti Laurent Saint-Cyr
0%
Malawi Lazarus McCarthy Chakwera
0%
Südkorea Lee Jae-myung
0%
Lesotho Letsie III.
0%
Dominikanische Republik Luis Rodolfo Abinader Corona
0%
Brasilien Luiz Inácio Lula da Silva
0%
Tschad Mahamat Idriss Déby Itno
0%
Thailand Maha Vajiralongkorn Phra Vajiraklaochaoyuhua
0%
Palästina Mahmud Abbas
0%
Republik Moldau Maia Sandu
0%
Kambodscha Majesty Preah Bat Samdech Preah Boromneath Norodom Sihamoni
0%
Guinea Mamady Doumbouy
0%
St. Kitts und Nevis Marcella Liburd
0%
Portugal Marcelo Nuno Duarte Rebelo de Sousa
0%
Kanada Mary Jeannie May Simon
0%
Südafrika Matamela Cyril Ramaphosa
0%
San Marino Matteo Rossi / Lorenzo Bugli
0%
Madagaskar Michael Randrianirina
0%
Georgien Micheil Qawelaschwili
0%
Kuba Miguel Mario Díaz-Canel Bermúdez
0%
Myanmar Min Aung Hlaing
0%
Kuwait Mischal
0%
Guyana Mohamed Irfaan Ali
0%
Malediven Mohamed Muizzu
0%
Mauretanien Mohamed Ould Cheikh Mohamed Ahmed Ould Ghazouani
0%
Libyen Mohamed Yunus al-Menfi
0%
Bangladesch Mohammed Shahabuddin
0%
Marokko Mohammed VI.
0%
Vereinigte Arabische Emirate Muhammad bin Zayid bin Sultan Al Nahyan
0%
Malta Myriam Spiteri Debono
0%
Fidschi Naiqama Tawakecolati Lalabalavu
0%
Japan Naruhito
0%
Honduras Nasry Asfura
0%
Slowenien Nataša Pirc Musar
0%
El Salvador Nayib Armando Bukele Ortez
0%
Namibia Ndemupelila Netumbo Nandi-Ndaitwah
0%
Venezuela Nicolás Maduro Moros
0%
Rumänien Nicușor Daniel Dan
0%
Vanuatu Nikenike Vurobaravu
0%
Republik Zypern Nikos Christodoulidis
0%
Benin Patrice Athanase Guillaume Talon
0%
Jamaika Patrick Linton Allen
0%
Seychellen Patrick Matthew Antonio Herminie
0%
Kamerun Paul Biya
0%
Ruanda Paul Kagame
0%
Slowakei Peter Pellegrini
0%
Tschechien Petr Pavel
0%
Belgien Philippe
0%
Indonesien Prabowo Subianto Djojohadikusumo
0%
Kasachstan Qasym-Jomart Kemelūly Toqaev
0%
Nepal Ram Chandra Paudel
0%
Jemen Rashad Muhammad al-Alimi
0%
Türkei Recep Tayyip Erdoğan
0%
Papua-Neuguinea Robert Dadae
0%
Antigua und Barbuda Rodney Errey Lawrence Williams
0%
Costa Rica Rodrigo Alberto de Jesús Chaves Robles
0%
Bolivien Rodrigo Paz Pereira
0%
Kirgisistan Sadyr Nurgodschojewitsch Dschaparow
0%
Saudi-Arabien Salman bin Abdulaziz Al Saud
0%
Südsudan Salva Kiir Mayardit
0%
Australien Samantha Joy Mostyn
0%
Tansania Samia Suluhu Hassan
0%
Paraguay Santiago Peña Palacios
0%
Turkmenistan Serdar Gurbangulyýewiç Berdimuhamedow
0%
Italien Sergio Mattarella
0%
Usbekistan Shavkat Miromonovich Mirziyoyev
0%
Palau Surangel Samuel Whipps Jr.
0%
St. Vincent und die Grenadinen Susan Dilys Dougan
0%
Dominica Sylvanie Burton
0%
Ungarn Tamás Sulyok
0%
Katar Tamim bin Hamad Al Thani
0%
Äthiopien Taye Atske Selassie Amde
0%
Äquatorialguinea Teodoro Obiang Nguema Mbasogo
0%
Singapur Tharman Shanmugaratnam
0%
Laos Thongloun Sisoulith
0%
Tuvalu Tofiga Vaevalu Falani
0%
Vietnam Tô Lâm
0%
Cookinseln Tom John Marsters
0%
Türkische Republik Nordzypern Tufan Erhürman
0%
Tonga Tupou VI.
0%
Mongolei Uchnaagiin Chürelsüch
0%
Samoa Vaʻaletoa Sualauvi II.
0%
Kosovo Vjosa Osmani-Sadriu
0%
Transnistrien Wadim Nikolajewitsch Krasnoselski
0%
Armenien Wahagn Chatschaturjan
0%
Föderierte Staaten von Mikronesien Wesley W. Simina
0%
Niederlande Willem-Alexander
0%
Kenia William Kipchirchir Samoei Arap Ruto
0%
Russland Wladimir Wladimirowitsch Putin
0%
Ukraine Wolodymyr Oleksandrowytsch Selenskyj
0%
Volksrepublik China Xi Jinping
0%
Uruguay Yamandú Ramón Antonio Orsi Martínez
0%
Uganda Yoweri Kaguta Museveni
0%
Bosnien und Herzegowina Željko Komšić
0%
Kroatien Zoran Milanović
0%
Keine übereinstimmenden Quizze gefunden
Verteilung der Resultate
Anzahl Personen mit jedem Resultat
Perzentil nach korrekt beantworteten Fragen
Ihre Resultats-Entwicklung
Sie haben dieses Quiz noch nicht gespielt